Meditação para crianças (Registo nº 35184)
[ vista simples ]
| 000 -Etiqueta do registo | |
|---|---|
| Valores | 00564nam a2200229 4500 |
| 010 ## - Número ISBN | |
| ISBN | 9789727119288 |
| 021 ## - Número do Depósito Legal | |
| Código do país | Portugal |
| 100 ## - Dados gerais de processamento | |
| Dados gerais | 20221012 frey50 |
| 101 0# - Língua de publicação | |
| Língua | Português |
| 102 ## - País de publicação | |
| País | Portugal |
| 200 1# - Titulo e menção de responsabilidade | |
| Título próprio | Meditação para crianças |
| Primeira menção de responsabilidade | Isabel Leal |
| 205 ## - Menção da edição | |
| Edição | 2. ed., 1.ª reimp. |
| 210 ## - Publicação | |
| Local de publicação | Lisboa |
| Nome do editor | Pergaminho, |
| Data de publicação | 2010 |
| 215 ## - Descrição física | |
| Paginação / Volumes | 150, [2] p. |
| Material acompanhante | 1 CD |
| Dimensões | 17 cm |
| 606 ## - Nome comum usado como assunto | |
| Palavra de ordem | Meditação |
| ID Autoridade | 5285 |
| 675 ## - CDU | |
| Notação | 133.2-053.2 |
| Edição | BN |
| Língua | por |
| 700 #1 - Autor principal | |
| Apelido | Leal, |
| Nome | Isabel, |
| Datas | 1966- |
| 801 #0 - Fonte de origem | |
| País | PT |
| Agência | RMBL |
| Regras de catalogação | RPC |
| 090 ## - Tipo de documento | |
| Koha biblioitem number (autogenerated) | 35184 |
| 990 ## - Elementos KOHA | |
| Tipo de documento | Livro |
| 994 ## - Estado da catalogação | |
| Situação | Completo |
| Situação do levantamento | Situação do extravio | Biblioteca de origem | Biblioteca de empréstimo | Código de barras | Cota | Permissão de empréstimo | Tipo de documento | Forma de aquisição |
|---|---|---|---|---|---|---|---|---|
| Completo | Biblioteca da Escola Básica e Secundária Dr Isidoro de Sousa | Biblioteca da Escola Básica e Secundária Dr Isidoro de Sousa | 7044 | 133.2 LEA | Disponível | Livro |